Facilitator as a Human Capital of Cluster and Important Determinant of Compatitieveness of SMES

Prekážky pri tvorbe kooperačných partnerstiev malých a stredných podnikov považované za nezáujem o problematiku kooperácie. Možnosť riešenia existenčných problémov či problémov denného života kooperáciou (kooperačnou väzbou, spoluprácou siným podnikom či podnikmi). Nedocenenie významu kooperácie a n...

Ausführliche Beschreibung

Gespeichert in:
Bibliographische Detailangaben
1. Verfasser: Gajdová, Denisa, 1977-
Format: Buchkapitel
Sprache:Slowakisch
Schlagworte:
Tags: Tag hinzufügen
Keine Tags, Fügen Sie das erste Tag hinzu!

MARC

LEADER 00000naa$a2200000$$$4500
001 0261136
005 20240502083748.0
041 0 |a slo 
044 |a CZ 
245 1 0 |a Facilitator as a Human Capital of Cluster and Important Determinant of Compatitieveness of SMES 
520 |a Prekážky pri tvorbe kooperačných partnerstiev malých a stredných podnikov považované za nezáujem o problematiku kooperácie. Možnosť riešenia existenčných problémov či problémov denného života kooperáciou (kooperačnou väzbou, spoluprácou siným podnikom či podnikmi). Nedocenenie významu kooperácie a nedôvera v inštitúcie ako sprostredkovateľa kooperačnej väzby. Časť prieskumu zameraná na zistenie potreby sprostredkovateľa. 
610 2 0 |a podnik malý 
610 2 0 |a podnik stredný 
610 2 0 |a sprostredkovatelia 
610 2 0 |a kríza 
610 2 0 |a podpora štátna 
610 2 0 |a spolupráca podnikov 
610 2 0 |a klaster 
610 2 0 |a konkurencieschopnosť 
100 1 |a Gajdová, Denisa, 1977-